Survey tra fiumi, pianure e colline : l'evoluzione del paesaggio archeologico nel territorio di Santa Croce di Magliano /
This study analyses the territory of Santa Croce di Magliano in the province of Campobasso, Molise, Italy and studies all its archaeological aspects in order to understand patterns of occupation of the human groups that have inhabited it and how they, through the evolution of social interactions, ha...
المؤلف الرئيسي:
التنسيق: كتاب الكتروني
اللغة: Italian
منشور في:
Oxford :
Archaeopress Publishing Ltd,
2021.
سلاسل:
Access archaeology.
الموضوعات:
الوصول للمادة أونلاين: Login to view Source
الوسوم: إضافة وسم
رقم الطلب: DG70
| LEADER | 02296nam a2200469 i 4500 | ||
|---|---|---|---|
| 001 | EDZ0002612815 | ||
| 003 | StDuBDS | ||
| 005 | 20230412183205.0 | ||
| 006 | m|||||o||d|||||||| | ||
| 007 | cr ||||||||||| | ||
| 008 | 210907s2021 enkab fob 001|0|ita|d | ||
| 020 | |a 9781803270814 (PDF ebook) : |c No price | ||
| 040 | |a StDuBDS |b eng |c StDuBDS |e rda |e pn | ||
| 050 | 4 | |a DG70 | |
| 082 | 0 | 4 | |a 937.738 |2 23 |
| 100 | 1 | |a Marino, Pasquale, |e author. | |
| 245 | 1 | 0 | |a Survey tra fiumi, pianure e colline : |b l'evoluzione del paesaggio archeologico nel territorio di Santa Croce di Magliano / |c Pasquale Marino. |
| 264 | 1 | |a Oxford : |b Archaeopress Publishing Ltd, |c 2021. | |
| 300 | |a 1 online resource (ix, 139 pages) : |b illustrations (black and white, and colour), maps (colour). | ||
| 336 | |a text |2 rdacontent | ||
| 336 | |a still image |2 rdacontent | ||
| 336 | |a cartographic image |2 rdacontent | ||
| 337 | |a computer |2 rdamedia | ||
| 338 | |a online resource |2 rdacarrier | ||
| 490 | 1 | |a Access archaeology | |
| 500 | |a Also issued in print: 2021. | ||
| 500 | |a "Available in both print and Open Access"--Homepage. | ||
| 504 | |a Includes bibliographical references and index. | ||
| 506 | 0 | |a Open access. | |
| 520 | 8 | |a This study analyses the territory of Santa Croce di Magliano in the province of Campobasso, Molise, Italy and studies all its archaeological aspects in order to understand patterns of occupation of the human groups that have inhabited it and how they, through the evolution of social interactions, have received extraterritorial influences. | |
| 521 | |a Specialized. | ||
| 588 | |a Description based on online resource; title from PDF title page (viewed on December 1, 2021). | ||
| 650 | 0 | |a Landscape archaeology |z Italy |z Santa Croce di Magliano. | |
| 651 | 0 | |a Santa Croce di Magliano (Italy) |x Antiquities. | |
| 650 | 0 | |a Excavations (Archaeology) |z Italy |z Santa Croce di Magliano. | |
| 650 | 0 | |a Human settlements |z Italy |z Santa Croce di Magliano. | |
| 776 | 0 | 8 | |i Print version : |z 9781803270807 |
| 830 | 0 | |a Access archaeology. | |
| 856 | 4 | 0 | |3 Archaeopress |u http://library.arce.org:8087/Archaeopress/Products/9781803270807 |
| 942 | |2 lcc |c EBOOK | ||
| 952 | |0 0 |1 0 |4 0 |6 DG0070 |7 1 |9 46884 |a ARCH |b ARCH |d 2023-04-12 |l 0 |o DG70 |r 2023-04-12 00:00:00 |w 2023-04-12 |y EBOOK | ||
| 999 | |c 52542 |d 52542 | ||
